000 00599nam a2200241Ia 4500
003 OSt
005 20221005053139.0
006 a|||||r|||| 00| 0
007 ta
008 221004b |||||||| |||| 00| 0 eng d
024 _a36198
037 _cTextual
040 _aCRL
_cCRL
_beng
041 _2eng
_aeng
082 _aN91wN04, J3
100 _aGielgud John
_9597201
245 0 _aEarly stages
260 _aLondon
_bFalcon Press USA
_c1953
300 _a269p
_ccm.
650 _aARTS
942 _hN91wN04, J3
_cTEXL
_2cc
999 _c961513
_d961513